00610cam a22002173a 45000010005000000030006000050050017000110080041000280400015000690420007000840500007000910500007000981000053001052450065001582600029002235060030002525160020002826530021003028300028003238560041003516753PGUSA20140828083136.0041001s2004||||xxu|||||s|||||000 | eng d aPGUSAbeng adc 4aPR 4aPZ1 aWodehouse, P. G.q(Pelham Grenville),d1881-197510aPsmith in the Cityh[electronic resource] /cP. G. Wodehouse bProject Gutenberg,c2004 aPublic domain in the USA. aElectronic text aHumorous stories 0aProject Gutenbergv675340uhttp://www.gutenberg.org/ebooks/6753